1431 1260 1330 1810 1158 1677 1733 1826 1451 1051 1254 1310 1291 1948 1002 1716 1888 1447 1610 1635 1206 1362 1443 1198 1794 1044 1631 1255 1024 1892 1520 1460 1583 1625 1164 1961 1570 1309 1512 1907 1758 1354 1305 1311 1812 1356 1811 1738 1724 1586 1622 1259 1871 1205 1077 1688 1062 1224 1651 1697 1739 1794 1870 1943 1895 1482 1076 1708 1311 1328 1025 1223 1057 1455 1984 1171 1204 1272 1496 1668 1744 1907 1892 1767 1528 1591 1110 1640 1261 1878 1246 1968 1012 1525 1455 1899 1342 1019 1419 BCNSPRNW ULIB Ver.6.0+V

เปลี่ยนเป็นภาษาไทย

Change to English
 แสดงรายละเอียดบรรณานุกรม
  กลับหน้าหลัก

Brief Record : Get Marc (ISO 2709) : E-mail record : QR code < ปิดหน้าต่าง
LEADER : 00000nam 2200000uu 4500
001    13399128909
003     ULIB
008    241028s2022||||th 000 0 tha d
020    ^a9780729544009
060 04 ^aWQ165^bJ62M
100 1  ^aJoanne Gray & Rachel Smith
245 00 ^aMidwifery essentials./^cJoanne Gray & Rachel Smith
260    ^aAustralia :^bElsevier,^c2022
300    ^a100 p. : ^bill. ;^c12 cm.
650  2 ^aMidwifery
650  2 ^aPractising midwife.
945    ^p1147^l0^i011156
999    ^aประนอม เกษจรัล
รายการนี้ยังไม่มีแท็ก
คุณยังไม่ได้ล็อกอิน คุณสามารถมีกิจกรรมร่วมกับเว็บไซต์ได้ แต่ต้องล็อกอินก่อน ::
  ล็อกอิน

รายการสื่อสารสนเทศ

ลำดับที่ ประเภท เลขเรียก/บาร์โค้ด สถานที่ สถานะ
1. วิทยาศาสตร์การแพทย์ และสุขภาพ
หนังสือสำรอง
สถานะ=หนังสือสำรอง
WQ165 J62M ฉ.1 
  Barcode: 011156
ห้องสมุดวิทยาเขตสวรรค์ประชารักษ์
►หนังสือทั่วไป
บนชั้น

รายการใกล้เคียง
    หัวเรื่อง [Midwifery]

BibComment


ยังไม่เคยถูกคอมเมนท์

คอมเมนท์ทรัพยากรรายการนี้
  คอมเมนท์: Midwifery essent..


 Copyright 2026. Bcnsprnw @Library